| 000 -LEADER |
| fixed length control field |
00549nam a22001937a 4500 |
| 005 - DATE AND TIME OF LATEST TRANSACTION |
| control field |
20210420061904.0 |
| 008 - FIXED-LENGTH DATA ELEMENTS--GENERAL INFORMATION |
| fixed length control field |
201126b2010 ||||| |||| 00| 0 eng d |
| 020 ## - INTERNATIONAL STANDARD BOOK NUMBER |
| International Standard Book Number |
9781154734386 |
| 040 ## - CATALOGING SOURCE |
| Transcribing agency |
DLC |
| 041 ## - LANGUAGE CODE |
| Language code of text/sound track or separate title |
eng |
| 080 ## - UNIVERSAL DECIMAL CLASSIFICATION NUMBER |
| Universal Decimal Classification number |
61(09) |
| Item number |
P-97 |
| 100 ## - MAIN ENTRY--PERSONAL NAME |
| 9 (RLIN) |
383 |
| Personal name |
Pushmann,Theodor |
| 245 ## - TITLE STATEMENT |
| Title |
A History of Medical Edcation From the most remote to the most recent times |
| 260 ## - PUBLICATION, DISTRIBUTION, ETC. |
| Name of publisher, distributor, etc. |
General Books |
| Date of publication, distribution, etc. |
2010 |
| 300 ## - PHYSICAL DESCRIPTION |
| Extent |
433 |
| 650 #0 - SUBJECT ADDED ENTRY--TOPICAL TERM |
| 9 (RLIN) |
335 |
| Topical term or geographic name entry element |
History of Medicine |
| 653 ## - INDEX TERM--UNCONTROLLED |
| Uncontrolled term |
მედიცინის ისტორია |
| 942 ## - ADDED ENTRY ELEMENTS (KOHA) |
| Source of classification or shelving scheme |
|
| Koha item type |
Books |